New Technologies, Artificial Intelligence and Shipping Law in the 21st Century (Record no. 12386)

000 -LEADER
fixed length control field 00381nam a22001337a 4500
008 - FIXED-LENGTH DATA ELEMENTS--GENERAL INFORMATION
fixed length control field 230509b 2020 ||||| |||| 00| 0 eng d
020 ## - INTERNATIONAL STANDARD BOOK NUMBER
International Standard Book Number 9780367139179
082 ## - DEWEY DECIMAL CLASSIFICATION NUMBER
Classification number 343.096
Item number SOY
100 ## - MAIN ENTRY--PERSONAL NAME
Personal name Soyer, Baris
245 ## - TITLE STATEMENT
Title New Technologies, Artificial Intelligence and Shipping Law in the 21st Century
260 ## - PUBLICATION, DISTRIBUTION, ETC. (IMPRINT)
Place of publication, distribution, etc London
Name of publisher, distributor, etc Routledge
Date of publication, distribution, etc 2020
300 ## - PHYSICAL DESCRIPTION
Extent xxv, 198p.
942 ## - ADDED ENTRY ELEMENTS (KOHA)
Item type Books
Holdings
Withdrawn status Lost status Source of classification or shelving scheme Damaged status Not for loan Collection code Permanent location Current location Shelving location Date acquired Full call number Barcode Date last seen Koha item type Public note
          Non-fiction IMU-MPC Library IMU-MPC Library General Stacks 2023-05-09 343.096 SOY MPC6759 2025-03-17 Books Column-24
Copyright © 2021 Indian Maritime University, Mumbai Port Campus. All Rights Reserved. Managed & Maintained by Central Library, IMU-Mumbai

webs counters

Powered by Koha